• 首页
  • 本馆介绍
  • 公告通知
  • 最新文献
  • 馆藏检索
  • 电子资源
  • 读者导购
  • 参考咨询
  • 我的图书馆
  • 登录
  • 详细信息显示
  • 放入我的书架
  • 预约/预借图书
  • 作者相关作品
  • 分类相关作品
  • 丛书相关作品
  • 出版社相关作品

书目信息

  • 表格格式
  • 工作单格式
  • 卡片格式
题名:
旗帜领航
    
 
作者:
分册: 2017  
出版信息: 北京   中国电力出版社  2018
页数: 359页
开本: 25cm
丛书名:
单 册:
中图分类: D267.1
科图分类:
主题词: 电力工业--工业企业--模范共产党员--先进事迹--中国
电子资源:
ISBN: 978-7-5198-1734-3
000 00872nam0 2200229 450
001 012001001324
005 20140921103355.0
010    @a978-7-5198-1734-3@dCNY90.00
100    @a20180819d2018 em y0chiy50 ea
101 0  @achi
102    @aCN@b110000
105    @aa z 000yd
106    @ar
200 1  @a旗帜领航@9qi zhi ling hang@e国家电网公司“一先两优”事迹选编@h2017
210    @a北京@c中国电力出版社@d2018
215    @a359页@c彩照@d25cm
330    @a本书选取“一先两优”中的部分优秀事迹汇编成册,其中包括100个电网先锋党支部、100名优秀共产党员、100名优秀党务工作者。每个先进典型的事迹材料均由简介、获奖情况、主要事迹三部分组成。
601 02 @a中国共产党@x电力工业@x工业企业@x基层组织@x先进事迹@y中国
606 0  @a电力工业@x工业企业@x模范共产党员@x先进事迹@y中国
690    @aD267.1@v5
801  0 @aCN@b上海新华@c20180901
905    @b1156227-31@dD267.1@e278@f5
    
    旗帜领航:国家电网公司“一先两优”事迹选编.2017.-北京:中国电力出版社,2018
    359页:彩照;25cm
    
    
    ISBN 978-7-5198-1734-3:CNY90.00
    本书选取“一先两优”中的部分优秀事迹汇编成册,其中包括100个电网先锋党支部、100名优秀共产党员、100名优秀党务工作者。每个先进典型的事迹材料均由简介、获奖情况、主要事迹三部分组成。
●
相关链接 在E读中查询图书 在五车中查询图书 在当当中查询图书 在豆瓣中查询图书


正题名:旗帜领航     索取号:D267.1/278         预约/预借

序号 登录号 条形码 馆藏地/架位号 状态 备注
1 1156227   211562272   第一样本阅览室/ [索取号:D267.1/278] 在馆    
2 1156228   211562281   第一借阅区/ [索取号:D267.1/278] 在馆    
3 1156229   211562290   中国特色社会主义理论体系唐师研究基地/ [索取号:D267.1/278] 在馆    
4 1156230   211562307   密集书库-史法系/ [索取号:D267.1/278] 在馆    
5 1156231   211562316   第一借阅区/ [索取号:D267.1/278] 在馆    
唐山师范学院图书馆 欢迎您!
大连网信软件有限公司© 版权所有